Communist Figures Name Match-Up Quiz Stats

 Plays Quiz Updated Oct 11, 2017

Challenge
Share
Tweet
Score 0/24 Timer 05:00
5 Plays Today
% Correct
Fidel
98.1%
Karl
98%
Joseph
97.9%
Ho
95.7%
Mao
95.6%
Vladimir
94.3%
Ernesto 'Che'
93.9%
Kim
91.9%
Leon
91.8%
Pol
91.8%
Deng
82.1%
Leonid
78.4%
% Correct
Friedrich
77%
Nicolae
73.8%
James
65.5%
Josip
63.2%
Zhou
61.9%
Władysław
49.2%
Camilo
48.4%
Walter
48%
György
45.2%
Rosa
43.2%
Enver
41%
Antonio
35.4%

You're not logged in!

Compare scores with friends on all Sporcle quizzes.
Join for Free
OR
Log In

You Might Also Like...

Show Comments

Extras

Top Quizzes Today


Score Distribution

Your Account Isn't Verified!

In order to create a playlist on Sporcle, you need to verify the email address you used during registration. Go to your Sporcle Settings to finish the process.

Report this User

Report this user for behavior that violates our Community Guidelines.

Details: